000 00575nam a22001937a 4500
003 OSt
005 20250724144436.0
008 250724b |||||||| |||| 00| 0 eng d
040 _beng
_cSSK Library
_erda
082 _a346.595065/ABD
100 _aAbdul Majid bin Nabi Baksh
245 _aBusiness law in Malaysia /
_cAbdul Majid bin Nabi Baksh, Krishnan Arjunan
260 _aMalaysia :
_bLexisNexis
_c2020
300 _alxxxviii, 640 p. :
_c25 cm.
500 _a Includes index
650 _aBusiness law
_zMalaysia
700 _aKrishnan Arjunan
942 _2ddc
_cBOOK
_n0
999 _c28371
_d28371